El ratón de la ciudad y el ratón del campo / (Registro nro. 6290)

000 -CABECERA
campo de control de longitud fija 00901nam a2200265 u 4500
001 - NÚMERO DE CONTROL
campo de control 000056993
005 - FECHA Y HORA DE LA ÚLTIMA TRANSACCIÓN
campo de control 20200120223413.0
008 - DATOS DE LONGITUD FIJA--INFORMACIÓN GENERAL
campo de control de longitud fija 130625s2010 ck br 000 0 spa d
020 ## - NÚMERO INTERNACIONAL ESTÁNDAR DEL LIBRO
Número Internacional Estándar del Libro 9789584528988
041 0# - CÓDIGO DE LENGUA
Código de lengua del texto/banda sonora o título independiente .spa
043 ## - CÓDIGO DE ÁREA GEOGRÁFICA
Código de área geográfica s-ck---
090 ## - LOCALMENTE ASIGNADO TIPO-LC NÚMERO DE CLASIFICACIÓN (OCLC); NÚMERO DE CLASIFICACIÓN LOCAL (RLIN)
Número de clasificación (OCLC) (R) ; Numero de clasificación, CALL (RLIN) (NR) C
Número cutter local (OCLC) ; Número de libro/Signatura topográfica íntegra, CALL (RLIN) SCHK
100 1# - ENTRADA PRINCIPAL--NOMBRE DE PERSONA
Nombre de persona Schärer, Kathrin
245 10 - MENCIÓN DE TÍTULO
Título El ratón de la ciudad y el ratón del campo /
Mención de responsabilidad, etc. Kathrin Schärer ; traducción Olga Martín M.
250 ## - MENCIÓN DE EDICIÓN
Mención de edición 1a ed.
260 ## - PUBLICACIÓN, DISTRIBUCIÓN, ETC.
Lugar de publicación, distribución, etc. Bogotá :
Nombre del editor, distribuidor, etc. Norma,
Fecha de publicación, distribución, etc. 2010.
300 ## - DESCRIPCIÓN FÍSICA
Extensión [28] p. :
Otras características físicas il.
490 #0 - MENCIÓN DE SERIE
Mención de serie Buenas noches
500 ## - NOTA GENERAL
Nota general Ej. 1 Biblioteca Marichuela donado por el Ministerio de Educación 2014 con ISBN: 9789584544698 ; Ej.1 del Biblioparque Funza con ISBN : 9789584544698
650 14 - PUNTO DE ACCESO ADICIONAL DE MATERIA--TÉRMINO DE MATERIA
Término de materia o nombre geográfico como elemento de entrada Cuentos Infantiles Alemanes.
650 24 - PUNTO DE ACCESO ADICIONAL DE MATERIA--TÉRMINO DE MATERIA
Término de materia o nombre geográfico como elemento de entrada Ratones en la literatura.
650 24 - PUNTO DE ACCESO ADICIONAL DE MATERIA--TÉRMINO DE MATERIA
Término de materia o nombre geográfico como elemento de entrada Ciudades en la literatura.
650 24 - PUNTO DE ACCESO ADICIONAL DE MATERIA--TÉRMINO DE MATERIA
Término de materia o nombre geográfico como elemento de entrada Campo en la literatura.
700 1# - PUNTO DE ACCESO ADICIONAL--NOMBRE DE PERSONA
Nombre de persona Martín M., Olga
Término indicativo de función/relación tr.
Existencias
Estado de retiro Estado de pérdida Fuente del sistema de clasificación o colocación Estado dañado No para préstamo Código de colección Localización permanente Ubicación/localización actual Fecha de adquisición Total de préstamos Signatura topográfica completa Código de barras Fecha visto por última vez Fecha del último préstamo Número de copia Precio válido a partir de Tipo de ítem Koha Nota pública Número de inventario Renovaciones totales
          Literatura Infantil Biblioteca Pública San Juan Bosco Biblioteca Pública San Juan Bosco 20/01/2020 4 C SCHK MOS008799 10/05/2024 03/05/2024 ej.1 20/01/2020 Libro Literatura Quince días    
          Literatura Infantil Biblioteca Pública San Juan Bosco Biblioteca Pública San Juan Bosco 20/01/2020 3 C SCHK MOS008800 04/06/2024 30/04/2024 ej.2 20/01/2020 Libro Literatura Quince días 114841  
          Literatura Infantil Biblioteca Pública San Juan Bosco Biblioteca Pública San Juan Bosco 20/01/2020 5 C SCHK MOS013147 30/05/2024 11/05/2024 ej.3 20/01/2020 Libro Infantil Quince días 111113 2

© Todos los derechos reservados para la Biblioteca Pública Municipal San Juan Bosco, 2020
Secretaria de Cultura de Mosquera
Carrera 3 N° 10 Esquina Centro Cultural Barrio El Carmén Teléfono: 8270830 Ext: 34
Funcionando con KOHA
Contacto: Biblioteca Pública Municipal San Juan Bosco/ bibliotecasanjuanbosco@mosquera-cundinamarca.gov.co
Mosquera, Cundinamarca